Battered women in Malaysia : prevalence, problems and public attitudes : (Record no. 3010)

MARC details
000 -LEADER
fixed length control field 007770000a22002290004500
003 - CONTROL NUMBER IDENTIFIER
control field LK-CoMWRAF
005 - DATE AND TIME OF LATEST TRANSACTION
control field 20240113102724.0
008 - FIXED-LENGTH DATA ELEMENTS--GENERAL INFORMATION
fixed length control field 230817t1995 ||||| |||| 00| 0 eng d
020 ## - INTERNATIONAL STANDARD BOOK NUMBER
International Standard Book Number 9839900315
040 ## - CATALOGING SOURCE
Original cataloging agency LK-CoMWRAF
Modifying agency LK-CoMWRAF
Description conventions LK-CoMWRAF
041 ## - LANGUAGE CODE
Language code of text/sound track or separate title English
082 ## - DEWEY DECIMAL CLASSIFICATION NUMBER
Classification number 362.8292
Item number ABD
942 ## - ADDED ENTRY ELEMENTS (KOHA)
Koha item type Books
100 ## - MAIN ENTRY--PERSONAL NAME
Personal name Abdullah, Rasheedah
700 ## - ADDED ENTRY--PERSONAL NAME
Personal name Raj-Hashim, Rita
700 ## - ADDED ENTRY--PERSONAL NAME
Personal name Schamitt, Gabriele
245 ## - TITLE STATEMENT
Title Battered women in Malaysia : prevalence, problems and public attitudes :
Remainder of title a summary report of Women's Aid Organisation Malaysia's National Research on Domestic Violence
260 ## - PUBLICATION, DISTRIBUTION, ETC. (IMPRINT)
Place of publication, distribution, etc. Petaling Jaya:
Name of publisher, distributor, etc. Women's Aid Organisation,
Date of publication, distribution, etc. 1995
300 ## - PHYSICAL DESCRIPTION
Extent 45 p. ; 30 cm
650 ## - SUBJECT ADDED ENTRY--TOPICAL TERM
Topical term or geographic name as entry element Abused women- Research- Malaysia
650 ## - SUBJECT ADDED ENTRY--TOPICAL TERM
Topical term or geographic name as entry element Wife abuse- Research
Holdings
Withdrawn status Lost status Damaged status Not for loan Permanent Location Current Location Date acquired Full call number Barcode Koha item type
        Resource center, Muslim Women's Research And Action Forum Resource center, Muslim Women's Research And Action Forum 2023-08-17 362.8292 ABD RAF3843 Books

Copyright © 2023 Muslim Women's Research and Action Forum (MWRAF), No 27/3, Anderson Road, Kalubowila, Dehiwela. Funded by The Asia Fundation